000 01068nam a2200277 a 4500
001 000003168
003 OSt
005 20260321073637.0
008 090707s2009 dr r 001 0 spa d
020 _a9789945862539
040 _aDO-SdBNP
_bspa
_cBNPHU
082 _aRD863.44
_bB742zM
100 1 _aMatos Moquete, Manuel,
_d1944-
_96349
245 1 3 _aLa dominicanidad indignada en los cuentos de Juan Bosch. /
_cManuel Matos Moquete ; edición Lizet Rodríguez Hernández.
260 _aSanto Domingo :
_bPublicaciones Matos Moquete,
_c2009.
_fBúho,
300 _a166 p. ;
_c23 cm.
504 _aIncluye referencias bibliográficas y notas al pie de las páginas
586 _aPremio Nacional de Novela 1984
590 _aInventariado, 2019/BT
600 1 0 _a Bosch, Juan,
_d1909-2001
_976555
650 4 _aCuentos dominicanos
_xCrítica e interpretación
_910011
650 4 _aLiteratura dominicana
_xCrítica e interpretación
_9216
700 1 _aRodríguez Hernández, Lizet,
_eed.
_910012
910 _aValidado. Control de calidad MMOLINA
942 _2ddc
_cLBS1
999 _c2999
_d2999